[Event "79th NED-ch"]
[Site "Utrecht NED"]
[Date "2024.07.08"]
[Round "2.1"]
[White "Slagboom, Leandro"]
[Black "Warmerdam, Max"]
[Result "1/2-1/2"]
[WhiteElo "2331"]
[BlackElo "2663"]
[EventDate "2024.07.06"]
[PlyCount "80"]

1.e4 c5 2.Nf3 d6 3.Bb5+ Nd7 4.O-O a6 5.Bd3 Ngf6 6.c3 g6 7.Bc2 b5 8.d4 Bb7 
9.Re1 cxd4 10.cxd4 Bg7 11.Bg5 O-O 12.a3 Rc8 13.Nc3 Nb6 14.e5 dxe5 15.dxe5 
Nfd5 16.Be4 Rc7 17.Nxd5 Bxd5 18.Be3 Rd7 19.Bxb6 Qxb6 20.Bxd5 e6 21.Qc2 
Rxd5 22.Rac1 Bh6 23.Qc7 Rb8 24.Qxb6 Rxb6 25.Rc8+ Bf8 26.Ng5 Rb7 27.Nxh7 
Kxh7 28.Rxf8 b4 29.axb4 Kg7 30.Ra8 Rxb4 31.Rxa6 Rxb2 32.Ra3 Rxe5 33.Kf1 
Rd5 34.Rae3 g5 35.h3 Rdd2 36.R3e2 Rxe2 37.Rxe2 Rb1+ 38.Re1 Rb2 39.Re2 Rb1+
40.Re1 Rb2 1/2-1/2

[Event "79th NED-ch"]
[Site "Utrecht NED"]
[Date "2024.07.09"]
[Round "2.2"]
[White "Warmerdam, Max"]
[Black "Slagboom, Leandro"]
[Result "1-0"]
[WhiteElo "2663"]
[BlackElo "2331"]
[EventDate "2024.07.06"]
[PlyCount "53"]

1.Nf3 d5 2.g3 g6 3.Bg2 Bg7 4.O-O e5 5.d3 Nc6 6.Nc3 Nf6 7.e4 dxe4 8.dxe4 
Qxd1 9.Rxd1 Bg4 10.Be3 O-O 11.h3 Bd7 12.Rd2 Rfe8 13.Rad1 Be6 14.Ne1 Bf8 
15.Nd3 Nd7 16.Nd5 Bxd5 17.exd5 Nb4 18.d6 Nxd3 19.dxc7 Nxb2 20.Bxb7 Nxd1 
21.Rxd1 Nc5 22.Bxa8 Ne6 23.Rd8 Rxd8 24.cxd8=Q Nxd8 25.Bxa7 Ba3 26.Kf1 Ne6 
27.Ke2 1-0

[Event "79th NED-ch"]
[Site "Utrecht NED"]
[Date "2024.07.08"]
[Round "2.1"]
[White "Sokolov, Ivan"]
[Black "Reinderman, Dimitri"]
[Result "1/2-1/2"]
[WhiteElo "2589"]
[BlackElo "2577"]
[EventDate "2024.07.06"]
[PlyCount "81"]

1.d4 Nf6 2.c4 g6 3.Nc3 Bg7 4.Bg5 d6 5.e3 O-O 6.Nf3 c5 7.d5 h6 8.Bh4 Bf5 9.
Nd2 g5 10.Bg3 Bg6 11.Be2 Qb6 12.Na4 Qa5 13.O-O Ne4 14.Nxe4 Bxe4 15.Nc3 
Bxc3 16.bxc3 Qxc3 17.Rc1 Qg7 18.Qb3 b6 19.f3 Bg6 20.Be1 f5 21.Bc3 Qh7 22.
a4 Nd7 23.a5 Rab8 24.axb6 axb6 25.Ra1 Rb7 26.Ra6 Qf7 27.Rfa1 Rfb8 28.Ra7 
Qe8 29.Rxb7 Rxb7 30.Ra6 e5 31.dxe6 Qxe6 32.Bb2 f4 33.Ra8+ Kf7 34.e4 Ne5 
35.Ra6 Ke7 36.Rxb6 Rxb6 37.Qxb6 Bf7 38.Qb8 Be8 39.Qa7+ Qd7 40.Qb8 Qe6 41.
Qa7+ 1/2-1/2

[Event "79th NED-ch"]
[Site "Utrecht NED"]
[Date "2024.07.09"]
[Round "2.2"]
[White "Reinderman, Dimitri"]
[Black "Sokolov, Ivan"]
[Result "0-1"]
[WhiteElo "2577"]
[BlackElo "2589"]
[EventDate "2024.07.06"]
[PlyCount "82"]

1.c4 e5 2.Nc3 Bb4 3.Nd5 Bd6 4.d4 c6 5.Nc3 Nf6 6.Bg5 h6 7.Bh4 Qb6 8.c5 Qxb2
9.Rc1 Bc7 10.Bxf6 gxf6 11.e3 Ba5 12.Ne2 d5 13.cxd6 e4 14.f3 exf3 15.gxf3 
Qa3 16.Kf2 Qxd6 17.Ne4 Qe7 18.Nf4 f5 19.Ng3 Bc7 20.Nfh5 Rg8 21.Bd3 Qh4 22.
Qb3 Bd6 23.f4 Kf8 24.Qb1 Nd7 25.Bxf5 Nb6 26.Bxc8 Rxc8 27.Qf5 Rg6 28.e4 Rd8
29.Rcd1 Nc8 30.e5 Ne7 31.Qe4 Bc7 32.h3 Rd5 33.Kf3 Ra5 34.Rh2 f5 35.exf6 
Nf5 36.Rg2 Qxh3 37.Ke2 Nxg3+ 38.Nxg3 Rxf6 39.Kd3 Ra3+ 40.Kc4 Rxg3 41.Rxg3 
Qxg3 0-1

[Event "79th NED-ch"]
[Site "Utrecht NED"]
[Date "2024.07.10"]
[Round "3.1"]
[White "Warmerdam, Max"]
[Black "Bok, Benjamin"]
[Result "1-0"]
[WhiteElo "2663"]
[BlackElo "2587"]
[EventDate "2024.07.06"]
[PlyCount "93"]

1.e4 e5 2.Nf3 Nc6 3.Bc4 Bc5 4.d3 Nf6 5.Bg5 h6 6.Bh4 Be7 7.Bg3 d6 8.a4 O-O 
9.a5 a6 10.c3 g6 11.Nbd2 Nh5 12.h3 Bg5 13.Bh2 Kg7 14.Nf1 Bf4 15.g3 Bg5 16.
h4 Be7 17.Ne3 Qe8 18.g4 Nf4 19.Rg1 Be6 20.Qd2 Nh3 21.Rh1 Qc8 22.Bxe5+ Nxe5
23.Nxe5 Nxf2 24.Qxf2 dxe5 25.Qg3 Bxc4 26.Nxc4 Bd6 27.O-O-O Qe6 28.Rdf1 f6 
29.Qf3 Bc5 30.h5 g5 31.Qf5 Qe8 32.d4 Bd6 33.Rd1 Rd8 34.Kb1 Qf7 35.d5 Qe8 
36.Kc2 Bc5 37.Rd3 Kh8 38.b3 Bd6 39.Ra1 Kg7 40.Qe6 Qxe6 41.dxe6 Rfe8 42.Ne3
Kf8 43.Nf5 Bc5 44.Rxd8 Rxd8 45.Rd1 Bd6 46.c4 Ke8 47.Nxh6 1-0

[Event "79th NED-ch"]
[Site "Utrecht NED"]
[Date "2024.07.11"]
[Round "3.2"]
[White "Bok, Benjamin"]
[Black "Warmerdam, Max"]
[Result "1/2-1/2"]
[WhiteElo "2587"]
[BlackElo "2663"]
[EventDate "2024.07.06"]
[PlyCount "99"]

1.e4 c5 2.Nf3 d6 3.d4 cxd4 4.Nxd4 Nf6 5.Nc3 a6 6.h3 e6 7.g4 h6 8.Bg2 Be7 
9.h4 g6 10.g5 hxg5 11.Bxg5 e5 12.Nde2 Be6 13.Qd2 Nbd7 14.O-O-O Rc8 15.Bh3 
Ng4 16.Bxe7 Qxe7 17.Bxg4 Bxg4 18.Qxd6 Qxd6 19.Rxd6 g5 20.h5 Rc6 21.Rxc6 
bxc6 22.h6 Nf6 23.Ng1 Bh5 24.Kd2 O-O 25.Rh3 Bg6 26.f3 Kh7 27.Ke3 Bh5 28.
Rh2 Kxh6 29.Nge2 Kg7 30.Nc1 g4 31.Rg2 Bg6 32.Nd3 gxf3 33.Kxf3 Nd7 34.Rh2 
a5 35.b3 f5 36.exf5 Rxf5+ 37.Ke3 Rg5 38.Nb2 Nb6 39.Kd2 Kf6 40.Ncd1 Rg4 41.
a4 Rd4+ 42.Kc1 Re4 43.Nd3 Nd7 44.N1b2 Rd4 45.Ne1 Nb6 46.Rh8 Re4 47.Kd2 
Rd4+ 48.Kc1 Re4 49.Kd2 Rd4+ 50.Kc1 1/2-1/2

[Event "79th NED-ch"]
[Site "Utrecht NED"]
[Date "2024.07.10"]
[Round "3.1"]
[White "Sokolov, Ivan"]
[Black "Tiviakov, Sergei"]
[Result "0-1"]
[WhiteElo "2589"]
[BlackElo "2519"]
[EventDate "2024.07.06"]
[PlyCount "96"]

1.d4 Nf6 2.c4 e6 3.Nc3 Bb4 4.a3 Bxc3+ 5.bxc3 b6 6.f3 Ba6 7.e4 Nc6 8.Bd3 
Na5 9.Qe2 d6 10.Nh3 Qd7 11.Rb1 e5 12.O-O c5 13.Bg5 Qa4 14.Bxf6 gxf6 15.f4 
exd4 16.e5 O-O-O 17.cxd4 Bxc4 18.Rfc1 Bxd3 19.Qxd3 Kb8 20.exf6 c4 21.Qf3 
Nb3 22.Re1 d5 23.Ng5 Rd7 24.Re7 Nd2 25.Qd1 Qxd1+ 26.Rxd1 Rxe7 27.fxe7 Ne4 
28.Nxe4 dxe4 29.d5 Kc7 30.Rd4 Kd6 31.Rxc4 Re8 32.Rxe4 Rxe7 33.Rd4 b5 34.a4
Kc5 35.d6 Rd7 36.Re4 b4 37.Re5+ Kc4 38.Re4+ Kc3 39.Re3+ Kc4 40.Re4+ Kc3 
41.Re3+ Kd2 42.Re7 Rxd6 43.Rxa7 b3 44.Rxf7 b2 45.Rb7 Kc3 46.Rc7+ Kb3 47.
Rb7+ Ka2 48.Kf2 Rd3 0-1

[Event "79th NED-ch"]
[Site "Utrecht NED"]
[Date "2024.07.11"]
[Round "3.2"]
[White "Tiviakov, Sergei"]
[Black "Sokolov, Ivan"]
[Result "0-1"]
[WhiteElo "2519"]
[BlackElo "2589"]
[EventDate "2024.07.06"]
[PlyCount "192"]

1.e4 e5 2.Nf3 Nc6 3.Bb5 a6 4.Ba4 f5 5.d4 exd4 6.e5 b5 7.Bb3 Na5 8.Bxg8 
Rxg8 9.O-O Bb7 10.Nxd4 Qh4 11.Nc3 Qg4 12.f3 Qg6 13.Nce2 O-O-O 14.Qd3 Nc4 
15.a4 Nxe5 16.Qb3 Bc5 17.axb5 axb5 18.Kh1 Rde8 19.Nxb5 Rgf8 20.Nf4 Qf7 21.
Qc3 Qc4 22.Qxc4 Nxc4 23.Nd3 Bb6 24.Bf4 Re2 25.b3 Ne3 26.Rae1 Rxe1 27.Rxe1 
Nd5 28.Be5 Ba6 29.Nc3 Ne3 30.Ra1 Kb7 31.Na4 d6 32.Nxb6 Nxc2 33.Nd7 Nxa1 
34.N3c5+ Ka7 35.Nxf8 dxe5 36.Nfe6 Bc8 37.Nxg7 Kb6 38.Nd3 e4 39.fxe4 fxe4 
40.Nc1 Kc5 41.Kg1 Kd4 42.Kf2 c5 43.Nh5 e3+ 44.Kf3 Bb7+ 45.Kf4 Bxg2 46.Ng3 
Kc3 47.Kxe3 Nxb3 48.Nge2+ Kc2 49.Nxb3 Kxb3 50.Kd2 Bf3 51.Nc1+ Kc4 52.Ke3 
Bh5 53.Kd2 Bg4 54.Kc2 Bh5 55.Kd2 Bf7 56.Ne2 Be8 57.Nf4 Ba4 58.Ne2 Bd7 59.
Nc1 Kd5 60.Ke3 Bb5 61.Nb3 Bc4 62.Nd2 Ba2 63.Ne4 Kc4 64.Nf6 Bb1 65.Nd7 Bf5 
66.Nb6+ Kc3 67.Nd5+ Kc2 68.Nb6 Kb3 69.Nd5 Be6 70.Nf4 Bc4 71.Kd2 h6 72.Ng2 
Bf7 73.Ne3 Bg6 74.h4 h5 75.Ng2 c4 76.Nf4 c3+ 77.Kc1 Be8 78.Ne2 Bd7 79.Nf4 
Bg4 80.Nd5 Kc4 81.Nf6 Bf3 82.Kc2 Kd4 83.Kc1 Ke5 84.Nd7+ Kd5 85.Nf6+ Kd4 
86.Nd7 Bg4 87.Nf6 Ke5 88.Ne8 Bf5 89.Nc7 Bd3 90.Kd1 Bg6 91.Kc1 c2 92.Kd2 
Kf4 93.Nd5+ Kg3 94.Ne7 Be4 95.Ng8 Kxh4 96.Nf6 Bf5 0-1

[Event "79th NED-ch"]
[Site "Utrecht NED"]
[Date "2024.07.11"]
[Round "3.3"]
[White "Sokolov, Ivan"]
[Black "Tiviakov, Sergei"]
[Result "0-1"]
[WhiteElo "2589"]
[BlackElo "2519"]
[EventDate "2024.07.06"]
[PlyCount "80"]

1.d4 Nf6 2.c4 e6 3.Nc3 Bb4 4.a3 Bxc3+ 5.bxc3 b6 6.f3 Ba6 7.e4 Nc6 8.Bd3 
Na5 9.Qe2 d6 10.f4 Qd7 11.e5 Ng8 12.Nf3 Ne7 13.O-O d5 14.cxd5 Bxd3 15.Qxd3
Qxd5 16.a4 Nc4 17.Rb1 h6 18.Rb4 Na5 19.c4 Qd7 20.Qe4 Nec6 21.c5 Rd8 22.Rb1
Nxd4 23.cxb6 axb6 24.Ba3 Qxa4 25.Bb4 Qc6 26.Qe1 Nc2 27.Qg3 Nxb4 28.Qxg7 
Rf8 29.Rxb4 Qc5+ 30.Kh1 Qxb4 31.f5 Qc4 32.Re1 Nc6 33.Qxh6 Ne7 34.fxe6 Qxe6
35.Qh5 Qf5 36.Qh4 Ng6 37.Qc4 Rd7 38.Nd4 Qf4 39.e6 Rxd4 40.exf7+ Kd8 0-1

[Event "79th NED-ch"]
[Site "Utrecht NED"]
[Date "2024.07.11"]
[Round "3.4"]
[White "Tiviakov, Sergei"]
[Black "Sokolov, Ivan"]
[Result "1-0"]
[WhiteElo "2519"]
[BlackElo "2589"]
[EventDate "2024.07.06"]
[PlyCount "67"]

1.e4 e5 2.Nf3 Nc6 3.Bb5 a6 4.Ba4 f5 5.d4 exd4 6.e5 b5 7.Bb3 Na5 8.Bd5 c6 
9.Bxg8 Rxg8 10.O-O c5 11.c3 Bb7 12.cxd4 Qe7 13.d5 h6 14.Re1 Nc4 15.e6 
O-O-O 16.a4 dxe6 17.axb5 axb5 18.Qe2 Bxd5 19.Nc3 Bc6 20.Ne5 Nxe5 21.Qxe5 
Qd6 22.Qe2 c4 23.Bf4 Qxf4 24.Qxe6+ Kb7 25.Ra7+ Kxa7 26.Qxc6 Kb8 27.Nxb5 
Bc5 28.Qxc5 Rd7 29.g3 Qf3 30.Nd6 Qb3 31.Qc6 Rgd8 32.Ra1 Ra7 33.Rxa7 Kxa7 
34.Nb5+ 1-0

[Event "79th NED-ch"]
[Site "Utrecht NED"]
[Date "2024.07.12"]
[Round "4.1"]
[White "Tiviakov, Sergei"]
[Black "Warmerdam, Max"]
[Result "0-1"]
[WhiteElo "2519"]
[BlackElo "2663"]
[EventDate "2024.07.06"]
[PlyCount "150"]

1.e4 c5 2.Nf3 d6 3.Bb5+ Nd7 4.d4 cxd4 5.Qxd4 a6 6.Bxd7+ Bxd7 7.c4 Nf6 8.
Bg5 e6 9.Nc3 Be7 10.e5 dxe5 11.Nxe5 h6 12.Bf4 O-O 13.Rd1 Be8 14.Qe3 Qa5 
15.O-O Nh5 16.Nd7 Nxf4 17.Qxf4 Bxd7 18.Rxd7 Bf6 19.Qf3 b6 20.Rc1 Rad8 21.
Rxd8 Rxd8 22.g3 Qg5 23.Rc2 Bxc3 24.Rxc3 Qd2 25.b4 Qxa2 26.Kg2 Qa4 27.Ra3 
Qxb4 28.Rxa6 Qd6 29.Ra7 Rd7 30.Ra8+ Rd8 31.Ra7 Rd7 32.Ra8+ Kh7 33.h4 Rc7 
34.h5 f5 35.Ra4 Rc5 36.Rb4 Re5 37.Ra4 Qc5 38.Ra7 Qxc4 39.Qb7 Qd5+ 40.Qxd5 
Rxd5 41.Rb7 Rd6 42.f4 Kg8 43.Kf2 Rc6 44.Ke2 Rc2+ 45.Kf3 Kf8 46.Rxb6 Kf7 
47.Rb8 Rh2 48.Rh8 Ke7 49.Rg8 Kf6 50.Rf8+ Ke7 51.Rg8 Kf7 52.Rh8 Rxh5 53.Kg2
Ke7 54.Rg8 Kf6 55.Rf8+ Ke7 56.Rg8 g5 57.Rg7+ Kf6 58.Rh7 g4 59.Ra7 Rh3 60.
Rh7 h5 61.Rh6+ Kf7 62.Rh7+ Kg6 63.Rh8 Kg7 64.Re8 Kf7 65.Rh8 Kg7 66.Re8 h4 
67.gxh4 Kf7 68.Rh8 Rf3 69.h5 Rxf4 70.Kg3 Rf3+ 71.Kh4 Kf6 72.Rh6+ Ke5 73.
Kg5 Rh3 74.Rh8 g3 75.Rg8 Ke4 0-1

[Event "79th NED-ch"]
[Site "Utrecht NED"]
[Date "2024.07.13"]
[Round "4.2"]
[White "Warmerdam, Max"]
[Black "Tiviakov, Sergei"]
[Result "1/2-1/2"]
[WhiteElo "2663"]
[BlackElo "2519"]
[EventDate "2024.07.06"]
[PlyCount "28"]

1.d4 Nf6 2.c4 e6 3.g3 d5 4.Bg2 Bb4+ 5.Bd2 Be7 6.Nf3 O-O 7.O-O c6 8.Qc2 b6 
9.Bf4 Bb7 10.Rd1 Nbd7 11.b3 Nh5 12.Bc1 Nhf6 13.Bf4 Nh5 14.Bc1 Nhf6 1/2-1/2